| 000 | 00952nam a22002537a 4500 | ||
|---|---|---|---|
| 999 |
_c65993 _d65993 |
||
| 005 | 20240530110853.0 | ||
| 008 | 201102s2018 ua a g b 000 0dara d | ||
| 017 |
_a2018/21942 _bمصر. دار الكتب |
||
| 020 | _a9789773194581 | ||
| 040 |
_aEG-CaGPL _cEG-CaGPL |
||
| 082 | 0 | 4 |
_221 _a070.44/ _bهـ ت |
| 100 | 0 | _aهالة حمدى غرابة | |
| 245 | 1 | 2 |
_aالتغطية الاستقصائية لقضايا الواقع المعاصر / _cهالة حمدى غرابة |
| 250 | _aط.1 | ||
| 260 |
_aالقاهرة : _bالعربى للنشر و التوزيع، _c2019 |
||
| 300 |
_a264 ص. ؛ _c24 سم. |
||
| 504 | _aيشتمل على ارجاعات ببليوجرافية | ||
| 650 | 0 | 7 |
_aالصحافة الالكترونية _2qrmak |
| 650 | 0 | 7 | _aوسائل الاعلام |
| 650 | 0 | 7 | _aالاستقصاء |
| 650 | 0 | 7 | _aالصحف الالكترونية |
| 942 |
_2ddc _cBK |
||